| 000 -LEADER | |
|---|---|
| fixed length control field | 00436nam a22001697a 4500 |
| 005 - DATE AND TIME OF LATEST TRANSACTION | |
| control field | 20260106163139.0 |
| 008 - FIXED-LENGTH DATA ELEMENTS--GENERAL INFORMATION | |
| fixed length control field | 160520b xxu||||| |||| 00| 0 eng d |
| 020 ## - INTERNATIONAL STANDARD BOOK NUMBER | |
| ISBN | 978-0-07-070021-5 |
| 041 ## - LANGUAGE CODE | |
| Language code of text/sound track or separate title | eng |
| 082 ## - DEWEY DECIMAL CLASSIFICATION NUMBER | |
| Item number | 621.381 5 |
| 100 ## - MAIN ENTRY--AUTHOR NAME | |
| Personal name | Millman Jacob, Halkias, L. C & Jit, S. |
| 245 ## - TITLE STATEMENT | |
| Title | Electronic devices and Circuits |
| 260 ## - PUBLICATION, DISTRIBUTION, ETC. (IMPRINT) | |
| Place of publication | New Delhi |
| Name of publisher | TMH, |
| 300 ## - PHYSICAL DESCRIPTION | |
| Number of Pages | 748 |
| 650 ## - SUBJECT ADDED ENTRY--TOPICAL TERM | |
| Topical Term | DIPLOMA ENGINEERING |
| 942 ## - ADDED ENTRY ELEMENTS (KOHA) | |
| Koha item type | Books |
| Lost status | Damaged status | Collection code | Home library | Current library | Shelving location | Date acquired | Cost, normal purchase price | Full call number | Accession Number | Koha item type |
|---|---|---|---|---|---|---|---|---|---|---|
| Reference | JRU Library | SHELF-72-D | 20/05/2016 | 525.00 | 621.381 5 | 3492 | Books | |||
| JRU Library | 20/05/2016 | 525.00 | 621.381 5 | 3493 | Books | |||||
| JRU Library | 20/05/2016 | 525.00 | 621.381 5 | 3494 | Books | |||||
| JRU Library | 20/05/2016 | 525.00 | 621.381 5 | 3495 | Books | |||||
| JRU Library | 20/05/2016 | 525.00 | 621.381 5 | 3496 | Books |